[Event "2nd Gujarat Open 2019"]
[Site "Ahmedabad, Gujarat"]
[Date "2019.09.23"]
[Round "2.17"]
[White "Liyanage, Ranindu Dilshan"]
[Black "Manush Shah"]
[Result "1-0"]
[WhiteElo "1956"]
[BlackElo "2352"]
[Annotator "TA"]
[PlyCount "91"]
[EventDate "2019.09.22"]
[EventCountry "IND"]
[SourceTitle "playchess.com"]
[Source "ChessBase"]
[SourceQuality "1"]

{[%evp 9,91,21,31,18,19,19,19,19,18,19,23,22,20,17,30,7,14,0,0,0,10,10,3,0,14,0,3,-10,0,0,0,0,8,0,0,0,0,0,31,26,24,15,346,31,331,355,352,339,307,314,1361,1326,1319,1308,1274,1276,1094,1093,29975,29975,29974,29973,4103,4103,3134,2802,2340,2314,29988,29989,29989,29980,29969,29968,29986,29987,29987,29988,29987,29987,29987,29988,29988,29989]} 1. e4 c6 2. d4 d5 3. e5 Bf5 4. Nd2 e6 5. Nb3 c5 {[%mdl 64] Decoy} 6. dxc5 {B12: Caro-Kann: Advance Variation} Bxc5 7. Nxc5 Qa5+ 8. c3 {The position is equal.} Qxc5 9. Be3 Qc7 10. f4 Ne7 (10... Nc6 11. Nf3 Nge7 12. Be2 O-O 13. O-O {0-1 (61) Navara,D (2724)-Yuffa,D (2577) Khanty-Mansiysk 2019}) 11. Nf3 Nd7 12. Bd3 O-O 13. O-O Bxd3 14. Qxd3 Nc5 $146 15. Bxc5 Qxc5+ 16. Nd4 Rfc8 17. Kh1 Qc4 18. Qh3 Nc6 19. f5 Nxd4 20. cxd4 Rc6 21. fxe6 fxe6 22. Qg4 Rac8 23. h4 Qd3 24. h5 Rf8 25. Rf6 {Hoping for h6.} Qe4 $2 {[%mdl 8192]} (25... h6 $1 $11) 26. Rxf8+ $40 {[%mdl 128] White mounts an attack.} Kxf8 {[%mdl 4096] Endgame KQR-KQR} 27. Rf1+ Ke8 {[#]} 28. Rf4 $1 {[%cal Rf4e4]} ({Inferior is} 28. Qxg7 Qh4+ 29. Kg1 Qxd4+ 30. Kh2 Qh4+ 31. Kg1 Qd4+ 32. Kh2 Qh4+ 33. Kg1 Qd4+ $11) 28... Qe3 29. Kh2 a6 $2 (29... Qd2 30. Rf1 g5) 30. h6 g6 31. Qg5 Qe2 32. Qf6 {White wants to mate with Qf8+.} Qh5+ 33. Rh4 {Threatens to win with Qh8+.} Qd1 34. Qh8+ {[%mdl 64] Double Attack} Kd7 35. Qxh7+ {[%mdl 64] Double Attack} Kd8 36. Qg8+ Kc7 37. Qf7+ Kb6 38. h7 g5 39. h8=Q {White mates.} gxh4 40. Qd8+ Ka7 41. Qff8 Qe1 42. Qb8+ Kb6 43. Qfd8+ Kb5 44. Qxb7+ Kc4 45. Qxc6+ {[%mdl 64] Double Attack} Kd3 {[#]} 46. Qc3+ $1 {Accuracy: White = 79%, Black = 39%.} 1-0

[Event "2nd Gujarat Open 2019"]
[Site "Ahmedabad, Gujarat"]
[Date "2019.09.23"]
[Round "2.18"]
[White "Neelash Saha"]
[Black "Fathima, Abdeen"]
[Result "*"]
[WhiteElo "2334"]
[BlackElo "1937"]
[Annotator "TA"]
[PlyCount "37"]
[EventDate "2019.09.22"]
[EventCountry "IND"]
[SourceTitle "playchess.com"]
[Source "ChessBase"]
[SourceQuality "1"]

{[%evp 13,37,26,37,25,35,25,47,44,74,57,50,40,99,89,154,132,145,77,77,74,100,52,66,63,130,130]} 1. d4 d5 2. c4 e6 3. Nf3 c6 4. e3 f5 5. Bd3 Nf6 6. O-O Bd6 7. b3 O-O 8. Ba3 {A84: Dutch Defence: 2 c4 Miscellaneous} Ne4 9. Qc2 Qc7 $146 ({Predecessor:} 9... Bxa3 10. Nxa3 Qe7 11. Qb2 Nd7 12. Rac1 Rf6 13. Ne5 Rh6 14. g3 Nxe5 15. dxe5 Rg6 16. f3 Nc5 {½-½ (32) Munoz Moreno,F (2525)-Zhak,B (2653) ICCF email 2010}) 10. Bxd6 {White is slightly better.} Nxd6 11. Ne5 Nd7 12. f4 Rf6 (12... Ne4 $14) 13. Nd2 $16 Nf7 ({Black should play} 13... dxc4 14. Ndxc4 (14. bxc4 c5 $16) (14. Bxc4 Nb6 $16) 14... Rf8) 14. cxd5 exd5 {[#]} 15. Ndf3 (15. Nxf7 $142 $1 Rxf7 16. Bxf5) 15... Nd6 16. g4 Rf8 17. g5 Nxe5 18. Nxe5 g6 (18... Be6 $14) 19. Kg2 {Accuracy: White = 57%, Black = 19%.} *

[Event "2nd Gujarat Open 2019"]
[Site "Ahmedabad, Gujarat"]
[Date "2019.09.23"]
[Round "2.19"]
[White "Pandey Srishti"]
[Black "Sahoo, Utkal Ranjan"]
[Result "0-1"]
[WhiteElo "1928"]
[BlackElo "2329"]
[Annotator "NA"]
[PlyCount "82"]
[EventDate "2019.09.22"]
[EventCountry "IND"]
[SourceTitle "playchess.com"]
[Source "ChessBase"]
[SourceQuality "1"]
[TimeControl "5400+30"]

1. e4 {[%emt 0:00:00]} e5 {[%emt 0:00:00]} 2. Nc3 {[%emt 0:00:00]} Nf6 {[%emt 0:00:12]} 3. Bc4 {[%emt 0:00:00]} Nxe4 {[%emt 0:00:50]} 4. Qh5 {[%emt 0:00:00]} Nd6 {[%emt 0:00:16]} 5. Bb3 {[%emt 0:00:01]} Be7 {[%emt 0:05:50]} 6. Nf3 {[%emt 0:02:04]} O-O {[%emt 0:00:58]} 7. h4 {[%emt 0:00:17]} g6 {[%emt 0:04:30]} 8. Qg4 {[%emt 0:01:10]} Ne8 {[%emt 0:01:42]} 9. Qg3 {[%emt 0:14:39]} c6 10. h5 {[%emt 0:00:30]} d5 11. hxg6 {[%emt 0:00:30]} fxg6 12. Nxe5 {[%emt 0:00:30]} Bf6 13. d4 {[%emt 0:00:30]} Bf5 14. Bh6 {[%emt 0:00:30]} Ng7 15. Qh2 {[%emt 0:00:30]} g5 16. O-O-O {[%emt 0:00:30]} g4 17. f4 {[%emt 0:00:30]} Na6 18. Ne2 {[%emt 0:00:30]} Nc7 19. Ng3 {[%emt 0:00:30]} Bxe5 20. dxe5 {[%emt 0:00:30]} Qd7 21. Nh5 {[%emt 0:00:30]} Nxh5 22. Bxf8 {[%emt 0:00:30]} Rxf8 23. Qxh5 {[%emt 0:00:30]} b5 24. Qh2 {[%emt 0:00:30]} Ne6 25. g3 {[%emt 0:00:30]} Nc5 26. Qf2 {[%emt 0:00:30]} Ne4 27. Qe3 {[%emt 0:00:30]} a5 28. a4 {[%emt 0:00:30]} bxa4 29. Bxa4 {[%emt 0:00:30]} Rb8 30. Rh6 {[%emt 0:00:30]} Qb7 31. b3 {[%emt 0:00:30]} Qb4 32. Rd4 {[%emt 0:00:30]} Qa3+ 33. Kb1 {[%emt 0:00:30]} Nc5 34. Qc1 {[%emt 0:00:30]} Rxb3+ 35. Bxb3 {[%emt 0:00:30]} Qxb3+ 36. Qb2 {[%emt 0:00:30]} Bxc2+ 37. Kc1 {[%emt 0:00:30]} Be4 38. Rd2 {[%emt 0:00:30]} Qc4+ 39. Rc2 {[%emt 0:00:30]} Qf1+ 40. Kd2 {[%emt 0:00:30]} Qf2+ 41. Kd1 {[%emt 0:00:30]} Bf3+ 0-1

[Event "2nd Gujarat Open 2019"]
[Site "Ahmedabad, Gujarat"]
[Date "2019.09.23"]
[Round "2.20"]
[White "Rathnakaran, K.."]
[Black "Kshatriya Nitin Vekhande"]
[Result "1-0"]
[WhiteElo "2325"]
[BlackElo "1926"]
[Annotator "ChessBase"]
[PlyCount "63"]
[EventDate "2019.09.22"]
[EventCountry "IND"]
[SourceTitle "playchess.com"]
[Source "ChessBase"]
[SourceQuality "1"]
[TimeControl "5400+30"]

1. e4 {[%emt 0:04:15]} c5 {[%emt 0:00:00]} 2. Nf3 {[%emt 0:00:09]} d6 {[%emt 0:00:00]} 3. c3 {[%emt 0:00:03]} Nf6 {[%emt 0:00:00]} 4. Be2 {[%emt 0:00:06]} Nc6 {[%emt 0:00:00]} 5. d4 {[%emt 0:00:04]} cxd4 {[%emt 0:08:12]} 6. cxd4 {[%emt 0:00:06]} Nxe4 {[%emt 0:08:29]} 7. d5 {[%emt 0:00:04]} Qa5+ {[%emt 0:00:37]} 8. Nc3 {[%emt 0:00:07]} Nxc3 9. bxc3 {[%emt 0:00:30]} Ne5 10. O-O {[%emt 0:00:30]} Nxf3+ 11. Bxf3 {[%emt 0:00:30]} Bd7 12. Re1 {[%emt 0:00:30]} g6 13. Bg5 {[%emt 0:00:30]} Kd8 14. Qd4 {[%emt 0:00:30]} Rg8 15. Qh4 {[%emt 0:00:30]} f6 16. Qxh7 {[%emt 0:00:30]} Rg7 17. Qh8 {[%emt 0:00:30]} Kc7 18. Bh6 {[%emt 0:00:30]} Rf7 19. Qg8 {[%emt 0:00:30]} Bxh6 20. Qxf7 {[%emt 0:00:30]} Qxc3 21. Rab1 {[%emt 0:00:30]} Re8 22. Qxg6 {[%emt 0:00:30]} Bd2 23. Rf1 {[%emt 0:00:30]} Rh8 24. Qg7 {[%emt 0:00:30]} Rh6 25. Qxe7 {[%emt 0:00:30]} Bf4 26. Rxb7+ {[%emt 0:00:30]} Kxb7 27. Qxd7+ {[%emt 0:00:30]} Ka8 28. Qe8+ {[%emt 0:00:30]} Kb7 29. Rb1+ {[%emt 0:00:30]} Kc7 30. Qb8+ {[%emt 0:00:30]} Kd7 31. Rb7+ {[%emt 0:00:30]} Qc7 32. Rxc7# {[%emt 0:00:30]} 1-0

[Event "2nd Gujarat Open 2019"]
[Site "Ahmedabad, Gujarat"]
[Date "2019.09.23"]
[Round "2.21"]
[White "Priyankara, Chamil"]
[Black "Pranav Vijay"]
[Result "0-1"]
[WhiteElo "1917"]
[BlackElo "2265"]
[Annotator "ChessBase"]
[PlyCount "52"]
[EventDate "2019.09.22"]
[EventCountry "IND"]
[SourceTitle "playchess.com"]
[Source "ChessBase"]
[SourceQuality "1"]
[TimeControl "5400+30"]

1. e4 {[%emt 0:03:30]} e5 {[%emt 0:00:00]} 2. d4 {[%emt 0:01:11]} exd4 {[%emt 0:00:00]} 3. Qxd4 {[%emt 0:00:02]} Nc6 {[%emt 0:00:00]} 4. Qe3 {[%emt 0:00:02]} Nf6 {[%emt 0:00:12]} 5. Nc3 {[%emt 0:00:01]} Bb4 {[%emt 0:00:15]} 6. Bd2 {[%emt 0:00:01]} O-O {[%emt 0:00:12]} 7. O-O-O {[%emt 0:00:02]} Re8 {[%emt 0:00:09]} 8. Qg3 {[%emt 0:00:03]} Rxe4 {[%emt 0:00:09]} 9. a3 {[%emt 0:00:38]} Rg4 {[%emt 0:06:28]} 10. Qe3 {[%emt 0:03:38]} Ba5 {[%emt 0:01:21]} 11. h3 {[%emt 0:00:53]} Rg6 {[%emt 0:01:31]} 12. Nf3 {[%emt 0:12:12]} d5 {[%emt 0:03:10]} 13. Qe1 Be6 {[%emt 0:00:30]} 14. Rg1 Bxc3 {[%emt 0:00:30]} 15. Bxc3 Ne4 {[%emt 0:00:30]} 16. Bb5 Ne7 {[%emt 0:00:30]} 17. Be5 Nc6 {[%emt 0:00:30]} 18. Bxc6 bxc6 {[%emt 0:00:30]} 19. Nd2 Nf6 {[%emt 0:00:30]} 20. Nb3 Nd7 {[%emt 0:00:30]} 21. Bd4 a5 {[%emt 0:00:30]} 22. f4 h5 {[%emt 0:00:30]} 23. Nxa5 Ra6 {[%emt 0:00:30]} 24. Nb3 Ra4 {[%emt 0:00:30]} 25. Qe2 h4 {[%emt 0:00:30]} 26. Qf2 Bf5 {[%emt 0:00:30]} 0-1

[Event "2nd Gujarat Open 2019"]
[Site "Ahmedabad, Gujarat"]
[Date "2019.09.23"]
[Round "2.22"]
[White "Bharat Kumar Reddy Poluri"]
[Black "Adarsh Tripathi"]
[Result "1-0"]
[WhiteElo "2304"]
[BlackElo "1915"]
[Annotator "ChessBase"]
[PlyCount "61"]
[EventDate "2019.09.22"]
[EventCountry "IND"]
[SourceTitle "playchess.com"]
[Source "ChessBase"]
[SourceQuality "1"]
[TimeControl "5400+30"]

1. e4 {[%emt 0:00:00]} c5 {[%emt 0:00:00]} 2. Nf3 {[%emt 0:00:00]} d6 {[%emt 0:00:00]} 3. d4 {[%emt 0:00:00]} cxd4 {[%emt 0:00:00]} 4. Nxd4 {[%emt 0:00:00]} Nf6 {[%emt 0:00:03]} 5. Nc3 {[%emt 0:00:04]} g6 {[%emt 0:00:11]} 6. Be2 {[%emt 0:00:05]} Bg7 {[%emt 0:00:04]} 7. O-O {[%emt 0:00:08]} O-O {[%emt 0:00:17]} 8. Be3 {[%emt 0:00:48]} Nc6 {[%emt 0:00:15]} 9. Nb3 {[%emt 0:00:06]} Be6 {[%emt 0:00:10]} 10. f4 {[%emt 0:00:02]} Qc8 {[%emt 0:00:08]} 11. h3 {[%emt 0:00:14]} Rd8 {[%emt 0:00:24]} 12. Nd4 {[%emt 0:00:46]} Nxd4 {[%emt 0:01:56]} 13. Bxd4 {[%emt 0:00:12]} Bc4 {[%emt 0:00:06]} 14. Bd3 {[%emt 0:05:56]} e5 {[%emt 0:05:41]} 15. fxe5 {[%emt 0:03:49]} dxe5 {[%emt 0:00:11]} 16. Be3 {[%emt 0:00:09]} Rd6 17. Bg5 {[%emt 0:00:30]} Qc5+ 18. Kh2 {[%emt 0:00:30]} b5 19. Qe2 {[%emt 0:00:30]} Bxd3 20. cxd3 {[%emt 0:00:30]} b4 21. Bxf6 {[%emt 0:00:30]} Bxf6 22. Nd5 {[%emt 0:00:30]} Bg5 23. Qg4 {[%emt 0:00:30]} Rxd5 24. exd5 {[%emt 0:00:30]} Bf4+ 25. g3 {[%emt 0:00:30]} Bh6 26. Qc4 {[%emt 0:00:30]} Qe3 27. d6 {[%emt 0:00:30]} Rf8 28. d7 {[%emt 0:00:30]} Bg5 29. Rae1 {[%emt 0:00:30]} Qd2+ 30. Kh1 {[%emt 0:00:30]} Qxb2 31. Rxf7 {[%emt 0:00:30]} 1-0

[Event "2nd Gujarat Open 2019"]
[Site "Ahmedabad, Gujarat"]
[Date "2019.09.23"]
[Round "2.23"]
[White "Potawad Anirudhha"]
[Black "Souhardo Basak"]
[Result "1/2-1/2"]
[WhiteElo "1914"]
[BlackElo "2301"]
[Annotator "TA"]
[PlyCount "49"]
[EventDate "2019.09.22"]
[EventCountry "IND"]
[SourceTitle "playchess.com"]
[Source "ChessBase"]
[SourceQuality "1"]

{[%evp 15,49,66,66,58,53,47,56,53,54,27,33,23,30,29,64,59,85,82,75,86,92,93,101,67,111,89,110,82,91,97,93,83,89,38,41,-25]} 1. e4 c5 2. c3 d6 3. d4 Nf6 4. Bd3 g6 5. Nf3 Bg7 6. O-O O-O 7. h3 Nc6 8. d5 Ne5 9. Nxe5 {B07: Pirc Defence: Miscellaneous Systems} dxe5 10. c4 (10. Be3 c4 11. Bc2 Bd7 12. Nd2 Rc8 13. Nf3 Ne8 14. Qd2 Qc7 15. a4 a5 16. Rad1 Nd6 {1-0 (34) Nevednichy,V (2551)-Manolache,M (2509) Iasi 2016}) 10... Ne8 11. Be3 b6 12. Nd2 Nd6 13. a3 f5 {[#] And now ...f4 would win.} 14. f3 a5 15. b4 f4 16. Bf2 Qc7 17. bxc5 bxc5 18. Nb3 $146 Nb7 19. a4 g5 20. Be2 h5 21. Qc1 Bd7 22. Qa3 {[%cal Rb3c5]} Rac8 23. Rab1 Rf6 24. Be1 (24. Nc1 $16) 24... Rg6 25. Nc1 {Accuracy: White = 47%, Black = 65%.} ({White should try} 25. Bc3 $14) 1/2-1/2

[Event "2nd Gujarat Open 2019"]
[Site "Ahmedabad, Gujarat"]
[Date "2019.09.23"]
[Round "2.25"]
[White "Aaditya Dhingra"]
[Black "Srihari L R"]
[Result "0-1"]
[WhiteElo "1880"]
[BlackElo "2283"]
[Annotator "ChessBase"]
[PlyCount "78"]
[EventDate "2019.09.22"]
[EventCountry "IND"]
[SourceTitle "playchess.com"]
[Source "ChessBase"]
[SourceQuality "1"]
[TimeControl "5400+30"]

1. e4 {[%emt 0:00:00]} d6 {[%emt 0:00:08]} 2. d4 {[%emt 0:04:45]} Nf6 {[%emt 0:00:08]} 3. f3 {[%emt 0:01:01]} e5 {[%emt 0:05:04]} 4. Ne2 {[%emt 0:01:46]} Nbd7 {[%emt 0:03:37]} 5. Be3 {[%emt 0:01:08]} d5 {[%emt 0:02:08]} 6. exd5 {[%emt 0:06:02]} Nxd5 {[%emt 0:00:28]} 7. Bf2 {[%emt 0:01:07]} Bb4+ {[%emt 0:05:40]} 8. c3 {[%emt 0:01:54]} Be7 9. c4 {[%emt 0:00:30]} N5f6 10. Nbc3 {[%emt 0:00:30]} O-O 11. d5 {[%emt 0:00:30]} Bc5 12. Bxc5 {[%emt 0:00:30]} Nxc5 13. b4 {[%emt 0:00:30]} Ncd7 14. Ng3 {[%emt 0:00:30]} a5 15. a3 {[%emt 0:00:30]} axb4 16. axb4 {[%emt 0:00:30]} Rxa1 17. Qxa1 {[%emt 0:00:30]} Qe7 18. Qb1 {[%emt 0:00:30]} e4 19. Ncxe4 {[%emt 0:00:30]} Nxe4 20. fxe4 {[%emt 0:00:30]} f5 21. Be2 {[%emt 0:00:30]} fxe4 22. Rf1 {[%emt 0:00:30]} Nf6 23. Qb2 {[%emt 0:00:30]} e3 24. Bf3 {[%emt 0:00:30]} b6 25. Ke2 {[%emt 0:00:30]} Ng4 26. Qd4 {[%emt 0:00:30]} Nxh2 27. d6 {[%emt 0:00:30]} Nxf3 28. Rxf3 {[%emt 0:00:30]} Qxd6 29. Qxd6 {[%emt 0:00:30]} cxd6 30. Rxf8+ {[%emt 0:00:30]} Kxf8 31. Kxe3 {[%emt 0:00:30]} Ke7 32. Kf4 {[%emt 0:00:30]} Be6 33. Nf5+ {[%emt 0:00:30]} Bxf5 34. Kxf5 {[%emt 0:00:30]} d5 35. cxd5 {[%emt 0:00:30]} Kd6 36. Ke4 {[%emt 0:00:30]} b5 37. g4 {[%emt 0:00:30]} h6 38. Kf5 {[%emt 0:00:30]} Kxd5 39. Kg6 {[%emt 0:00:30]} Ke5 0-1

[Event "2nd Gujarat Open 2019"]
[Site "Ahmedabad, Gujarat"]
[Date "2019.09.23"]
[Round "2.26"]
[White "Srija, Seshadri"]
[Black "Vedant Nitin vekhande"]
[Result "0-1"]
[WhiteElo "2270"]
[BlackElo "1894"]
[Annotator "ChessBase"]
[PlyCount "106"]
[EventDate "2019.09.22"]
[EventCountry "IND"]
[SourceTitle "playchess.com"]
[Source "ChessBase"]
[SourceQuality "1"]
[TimeControl "5400+30"]

1. e4 {[%emt 0:00:00]} c5 {[%emt 0:00:00]} 2. Nf3 {[%emt 0:00:00]} d6 {[%emt 0:00:00]} 3. d4 {[%emt 0:00:00]} cxd4 {[%emt 0:00:00]} 4. Nxd4 {[%emt 0:00:03]} Nf6 {[%emt 0:00:01]} 5. Nc3 {[%emt 0:00:12]} g6 {[%emt 0:00:16]} 6. Be3 {[%emt 0:00:34]} Bg7 {[%emt 0:00:08]} 7. f3 {[%emt 0:00:05]} O-O {[%emt 0:00:08]} 8. Qd2 {[%emt 0:00:08]} Nc6 {[%emt 0:00:08]} 9. O-O-O {[%emt 0:00:31]} d5 {[%emt 0:00:07]} 10. Qe1 {[%emt 0:00:17]} e5 {[%emt 0:00:42]} 11. Nxc6 {[%emt 0:00:18]} bxc6 {[%emt 0:00:09]} 12. exd5 {[%emt 0:00:10]} Nxd5 {[%emt 0:00:12]} 13. Bc4 {[%emt 0:00:18]} Be6 {[%emt 0:00:59]} 14. Ne4 {[%emt 0:00:30]} Qc7 {[%emt 0:01:00]} 15. Bc5 {[%emt 0:02:29]} Rfd8 {[%emt 0:01:09]} 16. g4 {[%emt 0:04:06]} Nf4 {[%emt 0:04:32]} 17. Bd6 Qb6 {[%emt 0:00:30]} 18. Bxe6 Nxe6 {[%emt 0:00:30]} 19. c3 Rd7 {[%emt 0:00:30]} 20. g5 Rad8 {[%emt 0:00:30]} 21. h4 c5 {[%emt 0:00:30]} 22. Rh2 Rxd6 {[%emt 0:00:30]} 23. Nxd6 Rxd6 {[%emt 0:00:30]} 24. Rxd6 Qxd6 {[%emt 0:00:30]} 25. Qe4 Qa6 {[%emt 0:00:30]} 26. b3 h6 {[%emt 0:00:30]} 27. Qa8+ Bf8 {[%emt 0:00:30]} 28. gxh6 Kh7 {[%emt 0:00:30]} 29. h5 Bxh6+ {[%emt 0:00:30]} 30. Kb2 gxh5 {[%emt 0:00:30]} 31. Qe4+ Kg8 {[%emt 0:00:30]} 32. Rxh5 Bg7 {[%emt 0:00:30]} 33. Rh1 Qd6 {[%emt 0:00:30]} 34. Rh2 Qd7 {[%emt 0:00:30]} 35. Qh7+ Kf8 {[%emt 0:00:30]} 36. Rg2 Bf6 {[%emt 0:00:30]} 37. Kc2 Ke7 {[%emt 0:00:30]} 38. Qe4 Qc7 {[%emt 0:00:30]} 39. Rg8 Bg5 {[%emt 0:00:30]} 40. Qg4 Bf6 {[%emt 0:00:30]} 41. Qe4 Nd8 {[%emt 0:00:30]} 42. f4 Qc6 {[%emt 0:00:30]} 43. Qd3 Qd6 {[%emt 0:00:30]} 44. Qe4 Qe6 {[%emt 0:00:30]} 45. Qe3 Qf5+ {[%emt 0:00:30]} 46. Kb2 e4 {[%emt 0:00:30]} 47. Qe2 Nc6 {[%emt 0:00:30]} 48. Qb5 Kd6 {[%emt 0:00:30]} 49. b4 Bxc3+ {[%emt 0:00:30]} 50. Ka3 cxb4+ {[%emt 0:00:30]} 51. Ka4 Qxb5+ {[%emt 0:00:30]} 52. Kxb5 e3 {[%emt 0:00:30]} 53. Re8 e2 {[%emt 0:00:30]} 0-1

[Event "2nd Gujarat Open 2019"]
[Site "Ahmedabad, Gujarat"]
[Date "2019.09.23"]
[Round "2.27"]
[White "Sparsh Khandelwal"]
[Black "Abu Sufian, Shakil"]
[Result "1-0"]
[WhiteElo "1868"]
[BlackElo "2255"]
[Annotator "ChessBase"]
[PlyCount "65"]
[EventDate "2019.09.22"]
[EventCountry "IND"]
[SourceTitle "playchess.com"]
[Source "ChessBase"]
[SourceQuality "1"]
[TimeControl "5400+30"]

1. e4 {[%emt 0:00:00]} c6 {[%emt 0:00:00]} 2. d4 {[%emt 0:00:00]} d5 {[%emt 0:00:00]} 3. Nc3 {[%emt 0:00:00]} dxe4 {[%emt 0:00:00]} 4. Nxe4 {[%emt 0:00:02]} Bf5 {[%emt 0:00:00]} 5. Ng3 {[%emt 0:00:07]} Bg6 {[%emt 0:00:00]} 6. Nh3 {[%emt 0:00:52]} Nf6 {[%emt 0:00:25]} 7. Nf4 {[%emt 0:00:07]} e5 {[%emt 0:00:13]} 8. dxe5 {[%emt 0:00:07]} Qa5+ {[%emt 0:00:04]} 9. c3 {[%emt 0:00:12]} Qxe5+ {[%emt 0:00:08]} 10. Be2 {[%emt 0:00:05]} Nbd7 {[%emt 0:09:10]} 11. O-O {[%emt 0:00:24]} O-O-O {[%emt 0:00:32]} 12. Qa4 {[%emt 0:00:05]} Bc5 {[%emt 0:15:22]} 13. Re1 {[%emt 0:06:02]} Rde8 14. Nxg6 {[%emt 0:00:30]} hxg6 15. Bf4 {[%emt 0:00:30]} Rh4 16. Bxe5 {[%emt 0:00:30]} Rxa4 17. Bxf6 {[%emt 0:00:30]} Nxf6 18. b4 {[%emt 0:00:30]} Bd6 19. Bc4 {[%emt 0:00:30]} Rxe1+ 20. Rxe1 {[%emt 0:00:30]} Nd5 21. Ne4 {[%emt 0:00:30]} Kd7 22. Bb3 {[%emt 0:00:30]} Ra3 23. Rd1 {[%emt 0:00:30]} b5 24. Bxd5 {[%emt 0:00:30]} cxd5 25. Rxd5 {[%emt 0:00:30]} Ke6 26. Rxd6+ {[%emt 0:00:30]} Ke5 27. Rd4 {[%emt 0:00:30]} f5 28. f4+ {[%emt 0:00:30]} Kxf4 29. Nd6+ {[%emt 0:00:30]} Ke5 30. Nxb5 {[%emt 0:00:30]} Rxa2 31. h3 {[%emt 0:00:30]} f4 32. Nc7 {[%emt 0:00:30]} Ra1+ 33. Kh2 {[%emt 0:00:30]} 1-0

[Event "2nd Gujarat Open 2019"]
[Site "Ahmedabad, Gujarat"]
[Date "2019.09.23"]
[Round "2.28"]
[White "Bidhar, Rutumbara"]
[Black "Sarwat, Walaa"]
[Result "0-1"]
[WhiteElo "1847"]
[BlackElo "2236"]
[Annotator "ChessBase"]
[PlyCount "62"]
[EventDate "2019.09.22"]
[EventCountry "IND"]
[SourceTitle "playchess.com"]
[Source "ChessBase"]
[SourceQuality "1"]
[TimeControl "5400+30"]

1. e4 {[%emt 0:00:00]} e5 {[%emt 0:01:18]} 2. Nf3 {[%emt 0:00:00]} Nc6 {[%emt 0:00:40]} 3. Bb5 {[%emt 0:00:03]} a6 {[%emt 0:00:57]} 4. Bxc6 {[%emt 0:00:19]} dxc6 {[%emt 0:00:46]} 5. O-O {[%emt 0:00:10]} Be6 {[%emt 0:02:35]} 6. d4 {[%emt 0:05:16]} exd4 {[%emt 0:01:10]} 7. Nxd4 {[%emt 0:03:16]} Bc4 {[%emt 0:00:55]} 8. Re1 {[%emt 0:00:19]} c5 {[%emt 0:01:55]} 9. Nf5 {[%emt 0:02:32]} Qxd1 {[%emt 0:04:46]} 10. Rxd1 {[%emt 0:00:27]} g6 {[%emt 0:00:09]} 11. Ne3 {[%emt 0:01:30]} Be6 {[%emt 0:00:09]} 12. Bd2 O-O-O {[%emt 0:00:30]} 13. Bc3 Rxd1+ {[%emt 0:00:30]} 14. Nxd1 f6 {[%emt 0:00:30]} 15. a4 Bg7 {[%emt 0:00:30]} 16. a5 Ne7 {[%emt 0:00:30]} 17. Ne3 Nc6 {[%emt 0:00:30]} 18. Nd2 Rd8 {[%emt 0:00:30]} 19. Nb3 Bxb3 {[%emt 0:00:30]} 20. cxb3 Nd4 {[%emt 0:00:30]} 21. Rd1 Nxb3 {[%emt 0:00:30]} 22. Nd5 Kb8 {[%emt 0:00:30]} 23. Re1 Nd4 {[%emt 0:00:30]} 24. Kf1 f5 {[%emt 0:00:30]} 25. Nf4 Bh6 {[%emt 0:00:30]} 26. Bxd4 Rxd4 {[%emt 0:00:30]} 27. Ne6 Rxe4 {[%emt 0:00:30]} 28. Rxe4 fxe4 {[%emt 0:00:30]} 29. Nxc5 Bg7 {[%emt 0:00:30]} 30. b3 Bc3 {[%emt 0:00:30]} 31. Nxe4 Bxa5 {[%emt 0:00:30]} 0-1

[Event "2nd Gujarat Open 2019"]
[Site "Ahmedabad, Gujarat"]
[Date "2019.09.23"]
[Round "2.29"]
[White "Samal Ansuman"]
[Black "Ziatdinov, Raset"]
[Result "0-1"]
[WhiteElo "1847"]
[BlackElo "2222"]
[Annotator "ChessBase"]
[PlyCount "42"]
[EventDate "2019.09.22"]
[EventCountry "IND"]
[SourceTitle "playchess.com"]
[Source "ChessBase"]
[SourceQuality "1"]
[TimeControl "5400+30"]

1. d4 {[%emt 0:00:25]} Nf6 {[%emt 0:00:00]} 2. e3 {[%emt 0:00:08]} e6 {[%emt 0:00:25]} 3. Bd3 {[%emt 0:00:05]} c5 {[%emt 0:00:27]} 4. c3 {[%emt 0:00:02]} Be7 {[%emt 0:00:30]} 5. Nd2 {[%emt 0:00:12]} O-O {[%emt 0:00:22]} 6. Ngf3 {[%emt 0:01:43]} Nc6 {[%emt 0:00:27]} 7. O-O {[%emt 0:00:08]} Rb8 {[%emt 0:00:41]} 8. Ne5 {[%emt 0:02:18]} b5 {[%emt 0:01:48]} 9. f4 {[%emt 0:06:50]} b4 {[%emt 0:00:17]} 10. Qf3 {[%emt 0:04:31]} bxc3 {[%emt 0:01:56]} 11. bxc3 {[%emt 0:00:55]} Qa5 {[%emt 0:01:14]} 12. Rb1 Rxb1 {[%emt 0:00:30]} 13. Bxb1 Ba6 {[%emt 0:00:30]} 14. Rd1 Qxc3 {[%emt 0:00:30]} 15. Ne4 Nxe4 {[%emt 0:00:30]} 16. Nxc6 dxc6 {[%emt 0:00:30]} 17. Qxe4 g6 {[%emt 0:00:30]} 18. Bd2 Qb2 {[%emt 0:00:30]} 19. Bc1 Qe2 {[%emt 0:00:30]} 20. Qc2 Rb8 {[%emt 0:00:30]} 21. Bd2 Bd3 {[%emt 0:00:30]} 0-1

[Event "2nd Gujarat Open 2019"]
[Site "Ahmedabad, Gujarat"]
[Date "2019.09.23"]
[Round "2.30"]
[White "Gandhi, Anish"]
[Black "Aditya P Melani"]
[Result "1-0"]
[WhiteElo "2201"]
[BlackElo "1847"]
[Annotator "NA"]
[PlyCount "53"]
[EventDate "2019.09.22"]
[EventCountry "IND"]
[SourceTitle "playchess.com"]
[Source "ChessBase"]
[SourceQuality "1"]
[TimeControl "5400+30"]

1. e4 {[%emt 0:00:00]} c5 {[%emt 0:00:45]} 2. Nf3 {[%emt 0:00:00]} e6 {[%emt 0:00:02]} 3. d4 {[%emt 0:00:13]} cxd4 {[%emt 0:00:03]} 4. Nxd4 {[%emt 0:00:05]} Nf6 {[%emt 0:00:03]} 5. Bd3 {[%emt 0:02:44]} Nc6 {[%emt 0:00:16]} 6. Nxc6 {[%emt 0:02:15]} bxc6 {[%emt 0:00:12]} 7. O-O {[%emt 0:00:37]} d5 {[%emt 0:00:19]} 8. Nc3 {[%emt 0:01:27]} Be7 {[%emt 0:00:19]} 9. f4 {[%emt 0:07:41]} Qb6+ {[%emt 0:04:02]} 10. Kh1 {[%emt 0:00:23]} O-O {[%emt 0:00:15]} 11. Qf3 {[%emt 0:04:17]} Ba6 12. e5 {[%emt 0:00:30]} Nd7 13. Na4 {[%emt 0:00:30]} Qa5 14. Bxa6 {[%emt 0:00:30]} Qxa6 15. b3 {[%emt 0:00:30]} g6 16. Bb2 {[%emt 0:00:30]} Rfd8 17. g4 {[%emt 0:00:30]} Kh8 18. f5 {[%emt 0:00:30]} gxf5 19. gxf5 {[%emt 0:00:30]} Rg8 20. Rae1 {[%emt 0:00:30]} Raf8 21. f6 {[%emt 0:00:30]} Bb4 22. c3 {[%emt 0:00:30]} Bc5 23. Nxc5 {[%emt 0:00:30]} Nxc5 24. Rg1 {[%emt 0:00:30]} Ne4 25. Rg7 {[%emt 0:00:30]} Ng5 26. Qh5 {[%emt 0:00:30]} Qd3 27. Qxg5 {[%emt 0:00:30]} 1-0